| 000 | 00679nam a2200265Ia 4500 | ||
|---|---|---|---|
| 005 | 20250425161758.0 | ||
| 008 | 250425s9999 xx 000 0 und d | ||
| 020 | _a9684443749 | ||
| 041 | _aspa | ||
| 082 | _a510.2 | ||
| 100 | _aMILLER, CHARLES D. | ||
| 245 | 0 | _aMATEMATICA: RAZONAMIENTO Y APLICACIONES | |
| 250 | _a1A ED. | ||
| 260 | _aMEXICO | ||
| 260 |
_aMéxico _bADDISON WESLEY LOGMAN _c1999 |
||
| 300 | _a920 | ||
| 500 | _aTítulo Traducido: MATHEMATICAL IDEAS | ||
| 650 | _aALGEBRA | ||
| 650 | _aFUNCIONES (MATEMATICAS) | ||
| 650 | _aLOGICA MATEMATICA | ||
| 650 | _aMATEMATICA APLICADA | ||
| 650 | _aNUMEROS REALES | ||
| 942 | _c01 | ||
| 010 | _a28651 | ||
| 999 |
_c215932 _d215932 |
||